Statistics for Subdivisions of the Frankish Empire with a Map

Click here to take the quiz!

General Stats

  • This quiz has been taken 1,218 times
    (1,016 since last reset)
  • The average score is 14 of 31

Answers on the Map

Answers color-coded by a green-red scale on the quiz's map according to % correct below.
 

Answer Stats

Subdivisions% Correct
Bohemia
81%
Papal States
81%
Bavaria
80%
Saxonia
79%
Burgundia
70%
Aquitania
69%
Croatia
69%
Moravia
69%
Frisia
66%
Italia
61%
Bosnia
60%
Provincia
58%
Alamannia
48%
Marca Hispanica
43%
Vasconia
43%
Neustria
37%
Thuringia
37%
Carantania
35%
Austrasia
33%
Beneventum
32%
Pannonia Inferior
32%
Pannonia Superior
28%
Spoletum
26%
Marca Gothica
23%
Sorbia
23%
Forum Iulii
18%
Raetia Curiensis
15%
Obotriti
13%
Veleti
13%
Nortgowe
12%
Marca Danica
9%

Score Distribution

Percentile by Number Answered

Percent of People with Each Score

Your Score History

You have not taken this quiz since the last reset